[Event "CP-2015-P-00047"]
[Site "LSS email"]
[Date "2015.09.28"]
[Round "?"]
[White "Roques, Pascal"]
[Black "Migliorini, Roberto"]
[Result "1-0"]
[WhiteElo "2355"]
[BlackElo "1629"]
[PlyCount "37"]
[EventDate "2015.10.01"]
[EventType "tourn (corr)"]
[EventRounds "6"]
[EventCountry "GER"]
[SourceTitle "Corr 2022"]
[Source "ChessBase"]
[SourceDate "2021.10.24"]
[SourceVersion "1"]
[SourceVersionDate "2021.10.24"]
[SourceQuality "1"]

1. e4 e6 2. d4 d5 3. Nd2 c5 4. Ngf3 c4 5. exd5 exd5 6. b3 cxb3 7. Bb5+ Bd7 8. Bxd7+ Qxd7 9. Ne5 bxc2 10. Qxc2 Qe6 11. 0-0 Bd6 12. Re1 Ne7 13. Ba3 Bxa3 14. Qa4+ Nbc6 15. Nxc6 Qxc6 16. Qxa3 Qd7 17. Nf3 h5 18. Rxe7+ Qxe7 19. Re1 1-0

[Event "BI-2015-P-0000"]
[Site "LSS email"]
[Date "2015.04.16"]
[Round "?"]
[White "Koehler, Josef"]
[Black "Migliorini, Roberto"]
[Result "1-0"]
[WhiteElo "2145"]
[BlackElo "1614"]
[PlyCount "71"]
[EventDate "2015.04.22"]
[EventType "tourn (corr)"]
[EventRounds "10"]
[EventCountry "GER"]
[SourceTitle "Corr 2022"]
[Source "ChessBase"]
[SourceDate "2021.10.24"]
[SourceVersion "1"]
[SourceVersionDate "2021.10.24"]
[SourceQuality "1"]

1. Nf3 Nf6 2. g3 g6 3. Bg2 Bg7 4. c4 0-0 5. d4 d6 6. 0-0 Nbd7 7. Nc3 e5 8. e4 a5 9. dxe5 dxe5 10. Qc2 c6 11. h3 Qc7 12. Na4 b6 13. Rd1 Bb7 14. Be3 Rfd8 15. c5 b5 16. Nb6 Nxb6 17. cxb6 Rxd1+ 18. Rxd1 Qe7 19. Nd2 a4 20. a3 Qe8 21. b4 Rd8 22. Bf1 Rd7 23. Rc1 Qe6 24. Nf3 h6 25. Ne1 Rd6 26. Nd3 Nxe4 27. Bg2 f5 28. Bxe4 fxe4 29. Nc5 Qe7 30. Nxe4 Rd7 31. Nc5 Rd6 32. Nxb7 Qxb7 33. Rd1 Rf6 34. Rd8+ Kh7 35. Qd3 Rf7 36. Rd6 1-0

[Event "BI-2015-P-0000"]
[Site "LSS email"]
[Date "2015.04.16"]
[Round "?"]
[White "Migliorini, Roberto"]
[Black "Stolz, Stephan"]
[Result "0-1"]
[WhiteElo "1614"]
[BlackElo "2316"]
[PlyCount "70"]
[EventDate "2015.04.22"]
[EventType "tourn (corr)"]
[EventRounds "10"]
[EventCountry "GER"]
[SourceTitle "Corr 2022"]
[Source "ChessBase"]
[SourceDate "2021.10.24"]
[SourceVersion "1"]
[SourceVersionDate "2021.10.24"]
[SourceQuality "1"]

1. b3 d5 2. Bb2 c6 3. g3 Bg4 4. Bg2 Nd7 5. Nf3 Ngf6 6. 0-0 e6 7. c4 Bd6 8. Na3 0-0 9. Nc2 h6 10. Ne3 Bh5 11. a4 Re8 12. d4 Ne4 13. a5 Bb4 14. a6 bxa6 15. g4 Bg6 16. Rxa6 Qc7 17. Qa1 Qb7 18. Qa2 Nc3 19. Bxc3 Bxc3 20. Rc1 Bb2 21. Rd1 Be4 22. Ra4 Bc3 23. Rc1 Bb4 24. Nc2 a5 25. Nxb4 axb4 26. cxd5 Bxd5 27. Rxa8 Rxa8 28. Qd2 Bxb3 29. g5 hxg5 30. Nxg5 Ba4 31. Qb2 b3 32. Ne4 Qb4 33. e3 Bb5 34. Nc3 Bd3 35. Bxc6 Ra5 0-1

[Event "BI-2015-P-0000"]
[Site "LSS email"]
[Date "2015.04.16"]
[Round "?"]
[White "Migliorini, Roberto"]
[Black "Zukan, Jakob"]
[Result "0-1"]
[WhiteElo "1614"]
[BlackElo "1802"]
[PlyCount "32"]
[EventDate "2015.04.22"]
[EventType "tourn (corr)"]
[EventRounds "10"]
[EventCountry "GER"]
[SourceTitle "Corr 2022"]
[Source "ChessBase"]
[SourceDate "2021.10.24"]
[SourceVersion "1"]
[SourceVersionDate "2021.10.24"]
[SourceQuality "1"]

1. c4 e5 2. Nc3 Nf6 3. d4 exd4 4. Qxd4 Nc6 5. Qe3+ Be7 6. g3 d5 7. Qd3 Nb4 8. Qb1 d4 9. Nb5 c6 10. Na3 d3 11. Bd2 Ne4 12. exd3 Nxd2 13. Kxd2 Bf5 14. g4 Bg6 15. Nf3 Qa5 16. Kd1 0-0-0 0-1

[Event "BI-2015-P-0000"]
[Site "LSS email"]
[Date "2015.04.16"]
[Round "?"]
[White "Pech, Jaroslav Sr"]
[Black "Migliorini, Roberto"]
[Result "0-1"]
[WhiteElo "1780"]
[BlackElo "1614"]
[PlyCount "34"]
[EventDate "2015.04.22"]
[EventType "tourn (corr)"]
[EventRounds "10"]
[EventCountry "GER"]
[SourceTitle "Corr 2022"]
[Source "ChessBase"]
[SourceDate "2021.10.24"]
[SourceVersion "1"]
[SourceVersionDate "2021.10.24"]
[SourceQuality "1"]

1. e4 e6 2. d4 d5 3. Nd2 c5 4. exd5 exd5 5. Ngf3 Nc6 6. Bb5 Bd6 7. dxc5 Bxc5 8. 0-0 Nge7 9. Nb3 Bd6 10. Re1 0-0 11. Bg5 a6 12. Be2 Qc7 13. c3 Re8 14. Be3 Bf5 15. Bc5 Bxc5 16. Nxc5 Bg6 17. h3 Rad8 0-1

[Event "CP-2014-P-00006"]
[Site "LSS email"]
[Date "2014.09.30"]
[Round "?"]
[White "Chmela, Zdenek"]
[Black "Migliorini, Roberto"]
[Result "1-0"]
[WhiteElo "2014"]
[BlackElo "1661"]
[PlyCount "115"]
[EventDate "2014.10.01"]
[EventType "tourn (corr)"]
[EventRounds "6"]
[EventCountry "GER"]
[SourceTitle "Corr 2022"]
[Source "ChessBase"]
[SourceDate "2021.10.24"]
[SourceVersion "1"]
[SourceVersionDate "2021.10.24"]
[SourceQuality "1"]

1. d4 Nf6 2. c4 e6 3. Nf3 d5 4. Nc3 Be7 5. Bf4 0-0 6. e3 c5 7. dxc5 Bxc5 8. Be2 dxc4 9. Bxc4 Qxd1+ 10. Rxd1 Bb4 11. 0-0 Bxc3 12. bxc3 b6 13. Bd6 Re8 14. Bb5 Bd7 15. Be2 Bc6 16. Ne5 Bb7 17. Rd3 Nc6 18. Nxc6 Bxc6 19. c4 e5 20. f3 e4 21. Ra3 Rec8 22. Rd1 Ne8 23. c5 Nf6 24. Rc1 Bb7 25. Rac3 bxc5 26. Bxc5 Nd5 27. R3c2 Nb6 28. f4 Nd5 29. a3 a5 30. Bd4 Rxc2 31. Rxc2 Rc8 32. Rb2 Bc6 33. Ba6 Rd8 34. Rc2 Ne7 35. Kf2 a4 36. Bc5 Nd5 37. g4 Ra8 38. Bf1 Rc8 39. Bd4 Bd7 40. Rxc8+ Bxc8 41. Bb5 Bxg4 42. Bxa4 Be6 43. Bc6 f5 44. a4 Kf7 45. a5 Nb4 46. Bb5 Bc8 47. Bc4+ Kg6 48. Ke2 Kh6 49. Kd2 g5 50. fxg5+ Kxg5 51. Kc3 Na6 52. Be5 Kg4 53. Be2+ Kh4 54. Kc4 Kh3 55. Kb5 Kg2 56. Bc4 Kf3 57. Bf4 Kf2 58. Kb6 1-0

[Event "CP-2014-P-00006"]
[Site "LSS email"]
[Date "2014.09.30"]
[Round "?"]
[White "Migliorini, Roberto"]
[Black "Broniek, Mariusz Maciej"]
[Result "0-1"]
[WhiteElo "1661"]
[BlackElo "2274"]
[PlyCount "80"]
[EventDate "2014.10.01"]
[EventType "tourn (corr)"]
[EventRounds "6"]
[EventCountry "GER"]
[SourceTitle "Corr 2022"]
[Source "ChessBase"]
[SourceDate "2021.10.24"]
[SourceVersion "1"]
[SourceVersionDate "2021.10.24"]
[SourceQuality "1"]

1. c4 e5 2. Nc3 Nf6 3. Nf3 Nc6 4. e3 Bb4 5. Qc2 d6 6. d4 0-0 7. a3 Bxc3+ 8. Qxc3 Re8 9. d5 Ne7 10. Be2 b5 11. b3 bxc4 12. bxc4 c6 13. dxc6 Ne4 14. Qc2 Nc5 15. Bd3 Nxd3+ 16. Qxd3 Ba6 17. Ng5 Ng6 18. h4 h6 19. Ne4 Re6 20. Bd2 Rc8 21. Bb4 Rxc6 22. Nc5 Rxc5 23. Bxc5 Qf6 24. Bxa7 Nf4 25. Qe4 d5 26. cxd5 Nd3+ 27. Qxd3 Bxd3 28. dxe6 Qxe6 29. f3 Qb3 30. Rd1 Ba6 31. e4 Qb2 32. Rd2 Qb1+ 33. Rd1 Qc2 34. Rd2 Qc7 35. Bg1 Qc1+ 36. Rd1 Qc4 37. Rd8+ Kh7 38. Kf2 Qf1+ 39. Kg3 Qe1+ 40. Kh3 h5 0-1

[Event "CP-2014-P-00006"]
[Site "LSS email"]
[Date "2014.09.30"]
[Round "?"]
[White "Mueller Toepler, Michael"]
[Black "Migliorini, Roberto"]
[Result "1/2-1/2"]
[WhiteElo "1693"]
[BlackElo "1661"]
[PlyCount "102"]
[EventDate "2014.10.01"]
[EventType "tourn (corr)"]
[EventRounds "6"]
[EventCountry "GER"]
[SourceTitle "Corr 2022"]
[Source "ChessBase"]
[SourceDate "2021.10.24"]
[SourceVersion "1"]
[SourceVersionDate "2021.10.24"]
[SourceQuality "1"]

1. e4 e6 2. Nc3 d5 3. d4 Bb4 4. e5 c5 5. Bd2 Ne7 6. Nb5 Bxd2+ 7. Qxd2 0-0 8. dxc5 Nd7 9. Qc3 Nc6 10. f4 f6 11. Nf3 fxe5 12. fxe5 b6 13. cxb6 Qxb6 14. a4 a5 15. Ra3 Rf4 16. Nd6 Ba6 17. Bb5 Ncxe5 18. Nxe5 Qxd6 19. Nxd7 Bxb5 20. axb5 Qxd7 21. Qc6 Qxc6 22. bxc6 Rc4 23. Kd2 Rxc6 24. Re1 a4 25. b4 Kf7 26. Rea1 Rca6 27. c4 dxc4 28. Kc3 R6a7 29. Kxc4 Rc7+ 30. Kd3 Rd7+ 31. Ke3 Rda7 32. Kd3 Kf6 33. g3 Ke5 34. h4 h5 35. R1a2 g6 36. Kc4 Rc8+ 37. Kd3 Rd8+ 38. Ke3 Rda8 39. Kd3 Kd5 40. Rc2 Kd6 41. Rc5 Rf7 42. Kc4 Rf5 43. Rd3+ Ke7 44. Ra3 Kd7 45. Rd3+ Ke8 46. Ra3 Ke7 47. b5 Rf1 48. Rc7+ Kf6 49. Rc6 Rc1+ 50. Rc3 Rb1 51. Re3 Rc1+ 1/2-1/2

[Event "SC-2014-0-00234"]
[Site "LSS email"]
[Date "2014.08.01"]
[Round "?"]
[White "Soreghy, Janos"]
[Black "Migliorini, Roberto"]
[Result "1-0"]
[WhiteElo "1745"]
[BlackElo "1675"]
[PlyCount "91"]
[EventDate "2014.07.01"]
[EventType "tourn (corr)"]
[EventRounds "6"]
[EventCountry "GER"]
[SourceTitle "Corr 2022"]
[Source "ChessBase"]
[SourceDate "2021.10.24"]
[SourceVersion "1"]
[SourceVersionDate "2021.10.24"]
[SourceQuality "1"]

1. e4 e6 2. d4 d5 3. Nd2 c5 4. Ngf3 Nc6 5. exd5 exd5 6. Bb5 Bd6 7. dxc5 Bxc5 8. 0-0 Nge7 9. Nb3 Bd6 10. Re1 0-0 11. Bd2 Re8 12. Bc3 Qc7 13. g3 Bg4 14. Qd3 Bh5 15. Qe3 a6 16. Bd3 Bb4 17. Ng5 h6 18. Bh7+ Kf8 19. Nf3 Bxc3 20. Qxc3 Qd6 21. Nfd4 Qf6 22. Nc5 Red8 23. Nxc6 Qxc3 24. bxc3 bxc6 25. Bd3 a5 26. Rab1 Bg4 27. Rb7 Nc8 28. Kg2 Nd6 29. Rb6 Re8 30. Rxe8+ Kxe8 31. Rxc6 Ke7 32. Na4 Be6 33. Kf3 Ne4 34. Ke3 Nf6 35. Nb6 Rd8 36. f3 Kf8 37. Kd4 g5 38. Na4 g4 39. f4 Kg7 40. Rc5 Ra8 41. f5 Bd7 42. Nb6 Ra7 43. Nxd5 h5 44. c4 Ne8 45. Ke5 f6+ 46. Kf4 1-0

[Event "FICGS class C 000211 email"]
[Site "FICGS email"]
[Date "2014.07.25"]
[Round "1"]
[White "Migliorini, Roberto"]
[Black "Gouldar, Frances"]
[Result "1-0"]
[WhiteElo "1769"]
[BlackElo "1772"]
[PlyCount "79"]
[EventDate "2014.??.??"]
[EventType "tourn (corr)"]
[EventRounds "4"]
[SourceTitle "Corr 2022"]
[Source "ChessBase"]
[SourceDate "2021.10.24"]
[SourceVersion "1"]
[SourceVersionDate "2021.10.24"]
[SourceQuality "1"]

1. d4 d5 2. Nf3 Nf6 3. c4 dxc4 4. e3 b5 5. a4 c6 6. axb5 cxb5 7. b3 e6 8. bxc4 Bb4+ 9. Nfd2 Bb7 10. cxb5 0-0 11. Ba3 Bxa3 12. Nxa3 a6 13. Rb1 axb5 14. Nxb5 Ne4 15. Qc2 Nxd2 16. Qxd2 Qh4 17. Nc3 Bc6 18. h3 Nd7 19. g3 Qf6 20. Rg1 Bf3 21. Bb5 Rfd8 22. e4 e5 23. d5 Nb6 24. Qe3 Ra3 25. Kd2 Nxd5 26. exd5 Bxd5 27. Ke1 e4 28. Nxd5 Rxe3+ 29. Nxe3 Qc3+ 30. Kf1 h5 31. Bc4 Rd7 32. g4 Qf6 33. gxh5 Qf3 34. Rg2 Qxh3 35. Kg1 Rd8 36. Rg5 Rd2 37. Rg3 Qxh5 38. Rb5 Rd1+ 39. Nxd1 Qxd1+ 40. Kg2 1-0

[Event "FICGS class C 000211 email"]
[Site "FICGS email"]
[Date "2014.07.25"]
[Round "1"]
[White "Migliorini, Roberto"]
[Black "Trigance, Emile"]
[Result "1-0"]
[WhiteElo "1769"]
[BlackElo "1613"]
[PlyCount "63"]
[EventDate "2014.??.??"]
[EventType "tourn (corr)"]
[EventRounds "4"]
[SourceTitle "Corr 2022"]
[Source "ChessBase"]
[SourceDate "2021.10.24"]
[SourceVersion "1"]
[SourceVersionDate "2021.10.24"]
[SourceQuality "1"]

1. Nf3 Nf6 2. g3 b6 3. c4 Bb7 4. d4 e6 5. Bg2 Be7 6. 0-0 0-0 7. Nc3 Ne4 8. Nxe4 Bxe4 9. Ne1 Bxg2 10. Nxg2 d5 11. Qa4 dxc4 12. Qxc4 c5 13. dxc5 Bxc5 14. Be3 Nd7 15. Rfd1 Qe7 16. Bxc5 Qxc5 17. Rac1 Rfd8 18. Ne3 Qxc4 19. Rxc4 Nc5 20. b4 Na6 21. a3 Rxd1+ 22. Nxd1 Rd8 23. Nc3 Kf8 24. Nb5 Ra8 25. f4 Ke7 26. e4 f6 27. e5 Rd8 28. Nxa7 Rd3 29. b5 Nc5 30. Nc8+ Kd7 31. Nxb6+ Kc7 32. Na4 1-0

[Event "FICGS W-ch st1 g09 email"]
[Site "FICGS email"]
[Date "2014.03.24"]
[Round "1"]
[White "Yarkov, Evgeny"]
[Black "Migliorini, Roberto"]
[Result "1/2-1/2"]
[WhiteElo "1961"]
[BlackElo "1809"]
[PlyCount "34"]
[EventDate "2014.??.??"]
[EventType "tourn (corr)"]
[EventRounds "8"]
[SourceTitle "Corr 2022"]
[Source "ChessBase"]
[SourceDate "2021.10.24"]
[SourceVersion "1"]
[SourceVersionDate "2021.10.24"]
[SourceQuality "1"]

1. e4 c6 2. d4 d5 3. e5 Bf5 4. Nf3 e6 5. Be2 c5 6. Be3 cxd4 7. Nxd4 Ne7 8. c4 Nbc6 9. Qa4 a6 10. Nc3 dxc4 11. 0-0-0 Qc8 12. Nxf5 Nxf5 13. Bb6 Be7 14. f4 0-0 15. Qxc4 Bd8 16. Bc5 Be7 17. Bb6 Bd8 1/2-1/2

[Event "BI-2014-F-0000"]
[Site "LSS email"]
[Date "2014.02.21"]
[Round "?"]
[White "Migliorini, Roberto"]
[Black "Paetzold, Ortwin"]
[Result "0-1"]
[WhiteElo "1666"]
[BlackElo "1752"]
[PlyCount "52"]
[EventDate "2014.02.27"]
[EventType "tourn (corr)"]
[EventRounds "10"]
[EventCountry "GER"]
[SourceTitle "Corr 2022"]
[Source "ChessBase"]
[SourceDate "2021.10.24"]
[SourceVersion "1"]
[SourceVersionDate "2021.10.24"]
[SourceQuality "1"]

1. b3 e5 2. Bb2 Nc6 3. e3 Nf6 4. c4 d5 5. cxd5 Nxd5 6. a3 Bd6 7. Qc2 0-0 8. Nf3 Bg4 9. Nc3 Nxc3 10. dxc3 f5 11. Bc4+ Kh8 12. Bd5 e4 13. Bxc6 bxc6 14. Nd4 f4 15. h3 Qh4 16. g3 fxg3 17. Qxe4 Qf6 18. hxg4 Qxf2+ 19. Kd1 h6 20. Kc1 g2 21. Rd1 Rae8 22. Qxc6 g1Q 23. Rxg1 Qxg1+ 24. Kc2 Rf2+ 25. Kd3 Rxe3+ 26. Kxe3 Qg3+ 0-1

[Event "BI-2014-F-0000"]
[Site "LSS email"]
[Date "2014.02.21"]
[Round "?"]
[White "Migliorini, Roberto"]
[Black "Wisham, Clyde"]
[Result "1/2-1/2"]
[WhiteElo "1666"]
[BlackElo "1795"]
[PlyCount "55"]
[EventDate "2014.02.27"]
[EventType "tourn (corr)"]
[EventRounds "10"]
[EventCountry "GER"]
[SourceTitle "Corr 2022"]
[Source "ChessBase"]
[SourceDate "2021.10.24"]
[SourceVersion "1"]
[SourceVersionDate "2021.10.24"]
[SourceQuality "1"]

1. Nf3 Nf6 2. c4 g6 3. d4 Bg7 4. g3 c6 5. Bg2 d5 6. cxd5 cxd5 7. 0-0 0-0 8. Nc3 Nc6 9. Ne5 Bf5 10. Bf4 Rc8 11. Nxc6 Rxc6 12. Be5 Be6 13. Re1 Qd7 14. e4 Nxe4 15. Nxe4 Bxe5 16. dxe5 dxe4 17. Qxd7 Bxd7 18. Bxe4 Rc5 19. f4 Rfc8 20. Bxb7 Rb8 21. b4 Rb5 22. Be4 Rxb4 23. Rab1 a5 24. a3 Rb3 25. Red1 Be6 26. Rxb3 Rxb3 27. a4 Rb4 28. Bc6 1/2-1/2

[Event "CP-2013-P-00032"]
[Site "LSS email"]
[Date "2013.09.30"]
[Round "?"]
[White "Migliorini, Roberto"]
[Black "Bieszk, Stanislaw"]
[Result "1-0"]
[WhiteElo "1579"]
[BlackElo "850"]
[PlyCount "46"]
[EventDate "2013.10.01"]
[EventType "tourn (corr)"]
[EventRounds "6"]
[EventCountry "GER"]
[SourceTitle "Corr 2015"]
[Source "ChessBase"]
[SourceDate "2015.07.17"]
[SourceVersion "1"]
[SourceVersionDate "2015.07.17"]
[SourceQuality "1"]

1. d4 Nf6 2. c4 e6 3. Nf3 b6 4. a3 Bb7 5. Nc3 d5 6. cxd5 Nxd5 7. e3 Nd7 8. Bd3 c5 9. 0-0 Be7 10. e4 Nxc3 11. bxc3 c4 12. Bc2 0-0 13. Bf4 Nf6 14. Qe2 b5 15. a4 a6 16. Rfb1 Bc6 17. Ne5 Qc8 18. Nxc6 Qxc6 19. Bg5 h6 20. Bxf6 Bxf6 21. e5 Be7 22. Be4 Qc7 23. Bxa8 Rxa8 1-0

[Event "BI-2013-P-00003"]
[Site "LSS email"]
[Date "2013.04.22"]
[Round "?"]
[White "Migliorini, Roberto"]
[Black "Schulz, Hans Juergen"]
[Result "1/2-1/2"]
[WhiteElo "1616"]
[BlackElo "1682"]
[PlyCount "59"]
[EventDate "2013.04.25"]
[EventType "tourn (corr)"]
[EventRounds "12"]
[EventCountry "GER"]
[SourceTitle "Telechess CBM 163"]
[Source "ChessBase"]
[SourceDate "2014.11.11"]
[SourceVersion "2"]
[SourceVersionDate "2014.11.11"]
[SourceQuality "1"]

1. Nf3 Nf6 2. Nc3 c5 3. e4 d6 4. d4 cxd4 5. Nxd4 g6 6. Be2 Nc6 7. Be3 Bg7 8. 0-0 0-0 9. Nb3 Be6 10. f4 Qc8 11. Kh1 Rd8 12. Bg1 d5 13. e5 Ne4 14. Bd3 f6 15. exf6 exf6 16. Nb5 f5 17. c3 a6 18. N5d4 Re8 19. Re1 Nxd4 20. Nxd4 Bf7 21. Qf3 Qd7 22. Nb3 b5 23. a3 Qe7 24. Bd4 Bxd4 25. Nxd4 Qf6 26. Re2 Re7 27. Kg1 Rae8 28. Rd1 Kg7 29. Bc2 h6 30. Rde1 1/2-1/2

[Event "BI-2013-P-00003"]
[Site "LSS email"]
[Date "2013.04.22"]
[Round "?"]
[White "Oliveira, Diogo Luiz"]
[Black "Migliorini, Roberto"]
[Result "1-0"]
[WhiteElo "2123"]
[BlackElo "1616"]
[PlyCount "41"]
[EventDate "2013.04.25"]
[EventType "tourn (corr)"]
[EventRounds "12"]
[EventCountry "GER"]
[SourceTitle "Telechess CBM 163"]
[Source "ChessBase"]
[SourceDate "2014.11.11"]
[SourceVersion "2"]
[SourceVersionDate "2014.11.11"]
[SourceQuality "1"]

1. d4 d5 2. c4 c6 3. Nf3 Nf6 4. Nc3 dxc4 5. a4 Bf5 6. Nh4 Bc8 7. Nf3 Bf5 8. Nh4 Bd7 9. g3 Qa5 10. Nf3 c5 11. d5 e6 12. Bd2 Qb6 13. e4 exd5 14. exd5 Bd6 15. Qe2+ Kd8 16. Ng5 Rf8 17. Qxc4 h6 18. Nge4 Re8 19. Be2 Bf4 20. Bxf4 Nxe4 21. Nxe4 1-0

[Event "FICGS class C 000185 email"]
[Site "FICGS email"]
[Date "2013.02.26"]
[Round "1"]
[White "Faust, Dieter"]
[Black "Migliorini, Roberto"]
[Result "0-1"]
[WhiteElo "1874"]
[BlackElo "1868"]
[PlyCount "44"]
[EventDate "2013.??.??"]
[EventType "tourn (corr)"]
[EventRounds "1"]
[SourceTitle "Corr 2022"]
[Source "ChessBase"]
[SourceDate "2021.10.24"]
[SourceVersion "1"]
[SourceVersionDate "2021.10.24"]
[SourceQuality "1"]

1. c4 Nf6 2. Nf3 g6 3. Nc3 Bg7 4. g3 0-0 5. Bg2 d6 6. d4 Nc6 7. 0-0 a6 8. d5 Na5 9. Nd2 c5 10. Qc2 Rb8 11. Nce4 Nxe4 12. Nxe4 b5 13. cxb5 axb5 14. Bd2 b4 15. a3 bxa3 16. Rxa3 Rxb2 17. Qa4 Nb7 18. Bc1 Rb4 19. Qc2 Bf5 20. Rd1 e6 21. Ra4 exd5 22. Rxd5 Re8 0-1

[Event "BI-2012-F-00018"]
[Site "LSS email"]
[Date "2013.02.15"]
[Round "?"]
[White "Migliorini, Roberto"]
[Black "Crapulli, Giuseppe"]
[Result "1/2-1/2"]
[WhiteElo "1616"]
[BlackElo "1718"]
[PlyCount "28"]
[EventDate "2013.02.20"]
[EventType "tourn (corr)"]
[EventRounds "10"]
[EventCountry "GER"]
[SourceTitle "Corr 2015"]
[Source "ChessBase"]
[SourceDate "2015.07.17"]
[SourceVersion "1"]
[SourceVersionDate "2015.07.17"]
[SourceQuality "1"]

1. Nf3 Nf6 2. c4 e6 3. d4 b6 4. g3 Bb7 5. Bg2 Be7 6. 0-0 0-0 7. Nc3 Ne4 8. Qc2 Nxc3 9. Qxc3 c5 10. Rd1 d6 11. b3 Bf6 12. Bb2 Qc7 13. Qd2 Rd8 14. dxc5 dxc5 1/2-1/2

[Event "BI-2012-F-00018"]
[Site "LSS email"]
[Date "2013.02.15"]
[Round "?"]
[White "Migliorini, Roberto"]
[Black "Paetzold, Ortwin"]
[Result "1/2-1/2"]
[WhiteElo "1616"]
[BlackElo "1646"]
[PlyCount "47"]
[EventDate "2013.02.20"]
[EventType "tourn (corr)"]
[EventRounds "10"]
[EventCountry "GER"]
[SourceTitle "Telechess CBM 163"]
[Source "ChessBase"]
[SourceDate "2014.11.11"]
[SourceVersion "2"]
[SourceVersionDate "2014.11.11"]
[SourceQuality "1"]

1. b3 Nf6 2. Bb2 g6 3. e3 Bg7 4. Nf3 0-0 5. c4 c5 6. Be2 Nc6 7. 0-0 d5 8. cxd5 Qxd5 9. d3 b6 10. a3 Bb7 11. Nbd2 Rad8 12. b4 cxb4 13. axb4 a6 14. e4 Qd7 15. Qb1 e6 16. Rc1 Qe7 17. Bc3 b5 18. Nb3 Nd7 19. Bxg7 Kxg7 20. Qb2+ Kg8 21. Nc5 Nxc5 22. Rxc5 Qd6 23. e5 Qd7 24. h3 1/2-1/2

[Event "BI-2012-F-00018"]
[Site "LSS email"]
[Date "2013.02.15"]
[Round "?"]
[White "Soreghy, Janos"]
[Black "Migliorini, Roberto"]
[Result "1-0"]
[WhiteElo "1718"]
[BlackElo "1616"]
[PlyCount "65"]
[EventDate "2013.02.20"]
[EventType "tourn (corr)"]
[EventRounds "10"]
[EventCountry "GER"]
[SourceTitle "Telechess CBM 163"]
[Source "ChessBase"]
[SourceDate "2014.11.11"]
[SourceVersion "2"]
[SourceVersionDate "2014.11.11"]
[SourceQuality "1"]

1. e4 c6 2. d4 d5 3. Nd2 dxe4 4. Nxe4 Nd7 5. Bc4 Ngf6 6. Ng5 e6 7. Qe2 Nb6 8. Bb3 h6 9. N5f3 c5 10. Be3 Qc7 11. Ne5 a6 12. Ngf3 Nbd5 13. 0-0 Bd6 14. Bxd5 Nxd5 15. Nc4 Nxe3 16. Nxd6+ Qxd6 17. fxe3 0-0 18. Qc4 cxd4 19. Qxd4 Qc7 20. Rad1 Qxc2 21. Rc1 Qg6 22. Ne5 Qg5 23. Rc5 f5 24. Rc7 Rd8 25. Qc3 Qf6 26. e4 Rf8 27. Rf3 Rd8 28. h3 a5 29. Kh2 a4 30. Rf7 Qxf7 31. Nxf7 Kxf7 32. exf5 exf5 33. Qc7+ 1-0